000
00301nam a22001337a 4500
008
171027b xxu||||| |||| 00| 0 eng d
020
_a
9780130822000
041
_a
eng
080
_2
3 ED
_a
336
100
_a
56
101
_a
FIN
245
_a
CASES FINANCIAL REPORTING
_c
ERIC.D
942
_2
udc
_c
BK
999
_c
36185
_d
36185